Informačný systém pre malé vedecko-vzdelávacie organizácie
Gespeichert in:
| 1. Verfasser: | |
|---|---|
| Weitere Verfasser: | |
| Format: | Manuskript Buch |
| Sprache: | Slowakisch |
| Veröffentlicht: |
Bratislava :
STU v Bratislave FEI,
2022
|
| Schlagworte: | |
| Online-Zugang: | https://opac.crzp.sk/?fn=detailBiblioFormChildQESR1&sid=D9F0BB0A8DA992698DA695D31B33&seo=CRZP-detail-kniha |
| Tags: |
Keine Tags, Fügen Sie das erste Tag hinzu!
|
MARC
| LEADER | 00000ntm a22000003a 4500 | ||
|---|---|---|---|
| 001 | stuzp85794 | ||
| 003 | SK-STU | ||
| 005 | 20230208140641.2 | ||
| 007 | ta | ||
| 008 | 150427s2015----xo-----f-mn---000-0-slo-d | ||
| 040 | |a STU |b slo | ||
| 041 | 0 | |a slo | |
| 044 | |a xo | ||
| 100 | 1 | |a Sciranka, Erik |u 033000 |4 aut |U FEI Fakulta elektrotechniky a informatiky |T FEI Ústav elektroniky a fotoniky |X 97927 |U E030 |Y 549 |7 97927 | |
| 242 | 0 | 1 | |a Information system for small scientific and educational organizations |y eng |
| 245 | 1 | 0 | |a Informačný systém pre malé vedecko-vzdelávacie organizácie |
| 260 | |a Bratislava : |b STU v Bratislave FEI, |c 2022 | ||
| 300 | |a 81 s., príl. | ||
| 650 | 4 | |a Malá vedecko-vzdelávacia organizácia |2 slo | |
| 650 | 4 | |a informačný systém |2 slo | |
| 650 | 4 | |a chatbot |2 slo | |
| 650 | 4 | |a Small scientific and educational organization |2 eng | |
| 650 | 4 | |a information system |2 eng | |
| 650 | 4 | |a chatbot |2 eng | |
| 700 | 1 | |a Stuchlíková, Ľubica |u 033000 |k Z1 |4 ths |U FEI Fakulta elektrotechniky a informatiky |T FEI Ústav elektroniky a fotoniky |X 1997 |U E030 |Y 549 |7 A000001997 | |
| 856 | 4 | |u https://opac.crzp.sk/?fn=detailBiblioFormChildQESR1&sid=D9F0BB0A8DA992698DA695D31B33&seo=CRZP-detail-kniha | |